مكتبة جامعة عجلون الوطنية

فهرس بحث المكتبة

Normal view MARC view
  • حماية البيانات-امن المعلومات-نظام المعلومات-شبكات الحواسيب

Entry Topical Term

Number of records used in: 1

001 - CONTROL NUMBER

  • control field: 63405

003 - CONTROL NUMBER IDENTIFIER

  • control field: JO-AjAnu

005 - DATE AND TIME OF LATEST TRANSACTION

  • control field: 20230606084341.0

008 - FIXED-LENGTH DATA ELEMENTS

  • fixed length control field: 230606|| aca||aabn | a|a d

040 ## - CATALOGING SOURCE

  • Original cataloging agency: JO-AjAnu
  • Transcribing agency: JO-AjAnu

150 ## - HEADING--TOPICAL TERM

  • Topical term or geographic name entry element: حماية البيانات-امن المعلومات-نظام المعلومات-شبكات الحواسيب

670 ## - SOURCE DATA FOUND

  • Source citation: Work cat.: (JO-AjAnu)32327: اللقاني، عبدالله, author 63404, دور الامن السيبراني في تعزيز امن المعلومات المالية الالكترونية